| 000 | 00795nam a22001817a 4500 | ||
|---|---|---|---|
| 003 | OSt | ||
| 005 | 20251215133538.0 | ||
| 008 | 251215b |||||||| |||| 00| 0 eng d | ||
| 040 | _cDCL | ||
| 041 | _aMyanmar | ||
| 082 | _a၂၉၄.၃၈၂၃၅၃ | ||
| 100 | 0 | _aမင်းသုဝဏ်။ | |
| 245 | 1 |
_aငါးရာ့ငါးဆယ်ဇာတ်ပင်လယ် (ပေါင်းချုပ်) / _cမင်းသုဝဏ်။ |
|
| 260 |
_aရန်ကုန် ၊ _bစိတ်ကူးချိုချိုစာပေ၊ _c၂၀၀၉။ |
||
| 300 |
_a၁၂၀၂ စာမျက်နှာ ၊ _c၂၂ စင်တီ။ |
||
| 650 | _aငါးရာ့ငါးဆယ်ဇာတ်တော်။ | ||
| 942 |
_2ddc _cSHORT TERM _n0 |
||
| 999 |
_c2711 _d2711 |
||